English language & composition

保存先:
書誌詳細
第一著者: Lindner, Maureen
フォーマット: 図書
言語:Undetermined
出版事項: U.S.A. Career Press 2005
主題:
タグ: タグ追加
タグなし, このレコードへの初めてのタグを付けませんか!
Thư viện lưu trữ: Trung tâm Học liệu Trường Đại học Cần Thơ
LEADER 00559nam a2200205Ia 4500
001 CTU_88961
008 210402s9999 xx 000 0 und d
020 |c 189000 
082 |a 808.042 
082 |b L742 
100 |a Lindner, Maureen 
245 0 |a English language & composition 
245 0 |c Maureen Lindner 
260 |a U.S.A. 
260 |b Career Press 
260 |c 2005 
650 |a English language,English language 
650 |x Composition and exercises,Grammar 
904 |i Năm 
980 |a Trung tâm Học liệu Trường Đại học Cần Thơ